00355nam a2200109Ia 4500008004100000082001600041100002600057245004600083942000600129952009700135999001300232240331s9999 xx 000 0 und d a025.49bISI aIsis Internationa. ed 0aList of descriptors on the theme of women cL 001040708LaWERCLbWERCLcSSCd2024-03-31l0o 025.49 ISIp435r2024-03-31w2024-03-31yL c666d666